000 00252nam a2200109Ia 4500
008 200302s9999 xx 000 0 und d
100 _aLewis Mumford
245 _aThe Culture of Cities
260 _bSecker & Warburg
260 _c1946
300 _a530 P.,
999 _c5653
_d5653